00530nam a2200181 a 45000010010000000030011000100080041000210350026000620820014000881000023001022450025001252600048001506500012001989420012002109520091002229980020003139990015003330000-8826ELIB.Books110520 2001  a(ELIB.Books)0000-8972 aFic bRod aRodgerr, R. Thomas aThomas & Alva Edison bMalaysia: Penerbiten Pelangi Sdn.Bhd c2001 aFiction 2ddccBK 00102ddc4070aKBTSbKBTSd2011-05-20l0p12841r2022-01-22 00:00:00w2022-01-22yBK cbate2011-05-20 c8826d8826